Information handling in astronomy (Record no. 15521)
[ view plain ]
| 000 -LEADER | |
|---|---|
| fixed length control field | 00730nam a2200217Ia 4500 |
| 003 - CONTROL NUMBER IDENTIFIER | |
| control field | IN-BaIIA |
| 008 - FIXED-LENGTH DATA ELEMENTS--GENERAL INFORMATION | |
| fixed length control field | 211028s9999 xx 000 0 eng d |
| 020 ## - INTERNATIONAL STANDARD BOOK NUMBER | |
| International Standard Book Number | 978-1-4020-1178-8 |
| 040 ## - CATALOGING SOURCE | |
| Transcribing agency | IIA Library |
| 080 ## - UNIVERSAL DECIMAL CLASSIFICATION NUMBER | |
| Universal Decimal Classification number | 52(082.1) |
| Item number | ASS-285 |
| 245 #0 - TITLE STATEMENT | |
| Title | Information handling in astronomy |
| Remainder of title | historical vistas |
| Statement of responsibility, etc. | edited by Andre Heck |
| 260 ## - PUBLICATION, DISTRIBUTION, ETC. | |
| Place of publication, distribution, etc. | Dordrecht |
| Name of publisher, distributor, etc. | Kluwer Academic |
| Date of publication, distribution, etc. | 2003 |
| 300 ## - PHYSICAL DESCRIPTION | |
| Extent | xii, 294p. |
| 490 ## - SERIES STATEMENT | |
| Series statement | Astrophysics and space science library; v. 285 |
| 650 ## - SUBJECT ADDED ENTRY--TOPICAL TERM | |
| Topical term or geographic name entry element | Amateur data |
| 9 (RLIN) | 28637 |
| 650 ## - SUBJECT ADDED ENTRY--TOPICAL TERM | |
| Topical term or geographic name entry element | Astronomical publications |
| 9 (RLIN) | 28638 |
| 650 ## - SUBJECT ADDED ENTRY--TOPICAL TERM | |
| Topical term or geographic name entry element | Astronomy digital library |
| 9 (RLIN) | 28639 |
| 650 ## - SUBJECT ADDED ENTRY--TOPICAL TERM | |
| Topical term or geographic name entry element | Optical astronomy |
| 9 (RLIN) | 4227 |
| 700 ## - ADDED ENTRY--PERSONAL NAME | |
| Personal name | Heck, Andre., ed. |
| 9 (RLIN) | 17833 |
| 942 ## - ADDED ENTRY ELEMENTS (KOHA) | |
| Koha item type | Books |
| Withdrawn status | Lost status | Damaged status | Not for loan | Home library | Current library | Shelving location | Date acquired | Source of acquisition | Cost, normal purchase price | Total Checkouts | Full call number | Barcode | Date last seen | Cost, replacement price | Price effective from | Koha item type | Purchase Price |
|---|---|---|---|---|---|---|---|---|---|---|---|---|---|---|---|---|---|
| IIA Library-Bangalore | IIA Library-Bangalore | General Stacks | 29/11/2003 | SH | 6487.88 | 52(082.1)/ ASS-285 | 16443 | 05/11/2021 | 6487.88 | 29/11/2003 | Books | Rs. 6487.88 |